000 00739cab a2200241 4500
001 WB2927-19
008 090401t1993 xxu||||| |||| 00| 0 eng d
035 _a(Sirsi) u72115
041 _aeng
245 _aRight of way
260 _c1993
350 _a0
490 _aEstates Gazette Case Summaries
_v1993 EGCS 124(1) 10/7/93
520 _a"Charles v Beach" CA 1 July 1993 upheld the CC decision that right of way between adjoining properties included vehicle access. Appeal dismissed.
650 _aADJOINING PROPERTIES
650 _aEASEMENTS
650 _aPEDESTRIAN ACCESS
650 _aRIGHTS OF WAY
650 _aVEHICLE ACCESS
690 _aHIGHWAYS AND RIGHTS OF WAY-CASE LAW
942 _n0
948 _c04/03/1997
999 _c45511
_d45511